The mirror crack'd from side to side (Record no. 4874)
[ view plain ]
| 000 -LEADER | |
|---|---|
| fixed length control field | 00486 a2200145 4500 |
| 020 ## - INTERNATIONAL STANDARD BOOK NUMBER | |
| International Standard Book Number | 0007120982 |
| 040 ## - CATALOGING SOURCE | |
| Original cataloging agency | Library of Congress |
| Language of cataloging | English |
| 082 ## - DEWEY DECIMAL CLASSIFICATION NUMBER | |
| Classification number | 823.912 |
| 100 ## - MAIN ENTRY--PERSONAL NAME | |
| Personal name | Christie, Agatha. |
| 245 ## - TITLE STATEMENT | |
| Title | The mirror crack'd from side to side |
| Statement of responsibility, etc. | Agatha Christie |
| 260 ## - PUBLICATION, DISTRIBUTION, ETC. | |
| Place of publication, distribution, etc. | London: |
| Name of publisher, distributor, etc. | Harper Collins Publishers, |
| Date of publication, distribution, etc. | 1962. |
| 300 ## - PHYSICAL DESCRIPTION | |
| Extent | 351 p. ; |
| Dimensions | 19 cm. |
| 650 ## - SUBJECT ADDED ENTRY--TOPICAL TERM | |
| Topical term or geographic name entry element | 1.Marple, Jane (Fictitious character) --Fiction.2.Women detectives --England --Fiction. |
| 942 ## - ADDED ENTRY ELEMENTS (KOHA) | |
| Koha item type | Book |
| Call number prefix | 823.912 CHR |
| Source of classification or shelving scheme | |
| Withdrawn status | Lost status | Damaged status | Not for loan | Collection code | Permanent Location | Current Location | Shelving location | Date acquired | Source of acquisition | Cost, normal purchase price | Total Checkouts | Full call number | Barcode | Date last seen | Date last checked out | Price effective from | Koha item type | Total Renewals | Source of classification or shelving scheme | Copy number |
|---|---|---|---|---|---|---|---|---|---|---|---|---|---|---|---|---|---|---|---|---|
| Central Library (CL) | Central Library (CL) | General Stacks | 01/22/2003 | Academic Book com. | 150.00 | 3 | 823.912 CHR | SEECS003016 | 10/11/2022 | 09/12/2022 | 01/05/2017 | Book | ||||||||
| Central Library (CL) | Central Library (CL) | Fiction | 11/08/2004 | Saeed Book Bank | 175.50 | 3 | 823.912 CHR | SEECS005033 | 10/17/2022 | 01/31/2022 | 01/05/2017 | Book | 1 | |||||||
| Central Library (CL) | Central Library (CL) | Fiction | 01/24/2017 | 1 | 823.912 CHR | CL1998 | 03/18/2019 | 02/19/2019 | 01/24/2017 | Book | 1 |
